The computer alphabet book

Bibliographic Details
Main Author: WALL, Elizabeth S
Format: Book
Published: New York : Avon Books , 1984
Subjects:

MARC

LEADER 00000cam a2200000 7i4500
001 0000000558
002 000000645
005 20000330.0
020 |a T000000143 
090 0 0 |a 001.640321   |b WAL 
100 1 |a WALL, Elizabeth S 
245 1 4 |a The computer alphabet book   |c Elizabeth S. Wall 
260 |a New York :   |b Avon Books ,   |c 1984 
650 0 0 |a Computers   |x Dictionaries 
999 |a 10261   |b BUKU   |c JUNIOR BOOKS   |e PERPUSTAKAAN KOMUNITI PETALING JAYA